00510nam a2200193 a 4500001001300000003000900013005001700022008004100039020001000080082001600090100002100106245003500127260005500162300001000217500003500227505001000262650002300272700002100295nice12345678IN_TiNIC20260116012621.0050524s1992 bana grp 000 0 eng  ac23000a220.7bBRO1 aBrown, Raymond E aNew Jerome Biblical Commentary aBangalorebTheological Publications in Indiac1992 a1484p aincludes index and biblioraphy2 aIndex aBible-Commentaries1 aBrown, Raymond E